01321 a2200205 45000010006000000050017000060080041000230030015000640400040000790800032001192450060001512640049002113000019002605050651002799420007009305900036009371000021009739990015009949520106010095700520260407155832.0260407a1956 arg spa dAR-UNSa-BCEJYS aAR-UNSa-BCEJYSbspacAR-UNSa-BCEJYS a94:33xHistoria económica10aOn the history and method of economicspselected essays 1aChicago :bUniversity of Chicago Pressc1956 a308 p.c20 cm. a1. Economics – 2. The ricardian theory of production and distribution – 3. Historical and theoretical issues in the problema of modern capitalism – 4. The common sense of political economy (Wicksteed Reprinted) – 5. Social science – 6. Social causation – 7. “What is thruth” in economics? – 8. Statics and dynamics: some queries regarding the mechanical analogy in economics – 9. The business cycle, interest, and money: a methodological approach – 10. Salvation by science: the góspel according to profesor lundberg – 11. The role principles in economics and politics – 12. Free society: its basic nature and problem  cBK aniveau_biblio:m niveau_hierar:01 aKnight, Frank H. c6093d6093 00104070aBCEJYSbBCEJYSc16d2026-04-07l0o94:33 K69pL128645r2026-04-07 15:58:33w2026-04-07yL